000
00307nam a2200133Ia 4500
008
191201s2010 xx 000 0 und d
100
_a
JOSEPH, P T
245
0
_a
E Commerce An Indian Perspective
250
_a
Rep
260
_a
New Delhi
_b
PHI
_c
2010
300
_a
546
650
_a
BBA
942
_2
ddc
_c
BK
_0
2
999
_c
5954
_d
5954